000 00418nam a2200157Ia 4500
003 GCL
008 140319s9999 xx 000 0 eng d
040 _aGCL /
_cGCL
082 0 4 _a305.31
_bU H
100 1 _aUWAYS, SAYYID
245 1 0 _aL' HISTOIRE QUE JE PORTE SOR MON DOS /
_cUWAYS, SAYYID
260 _aالقاهرة :
_bCEDEJ ،
_c1989
300 _a325 P ؛
_c19 cm.
650 0 4 _aSOCIAL LIFE
942 _2ddc
_cBK
999 _c20284
_d20284